- Vinyoli, Joan,
Entry Nombre Personal
001 - NUMERO DE CONTROL
- campo de control: 44048
003 - IDENTIFICADOR DE NUMERO DE CONTROL
- campo de control: DLC
005 - FECHA Y HORA DE LA ÜLTIMA TRANSACCIÓN
- campo de control: 20220331085444.0
008 - DATOS DE LONGITUD FIJA
- campo de control de longitud fija: 220331n| azannaabn |a aaa
010 ## - NÚMERO DE CONTROL DE LA BIBLIOTECA DEL CONGRESO
- Número de control LC: n 50013473
035 ## - NUMERO DE CONTROL
- Número de control: (OCoLC)oca00048955
040 ## - FUENTE DE CATALOGACIÓN
- Agencia original de catalogación: DLC
- Lenguaje de catalogación: spa
- Description conventions: rda
- Agencia de transcripción: DLC
- Agencia que lo modifica: DLC
- Agencia que lo modifica: OCoLC
- Agencia que lo modifica: UPB
- Agencia que lo modifica: MX-MxUPN
046 ## - FECHAS CON CODIFICACIÓN ESPECIAL
- Fecha de nacimiento: 1914
- Fecha de muerte: 19841130
053 #0 - NÚMERO DE CLASIFICACIÓN LC
- Número de clasificación elemento-número único o número inicial de tramo: PC3941.V45
100 1# - ENCABEZAMIENTO - NOMBRE PERSONAL
- Nombre personal: Vinyoli, Joan,
- Fechas asociadas con el nombre: 1914-1984
370 ## - LUGAR ASOCIADO
- Place of birth: Barcelona (España)
- Place of death: Barcelona (España)
- Fuente del término: naf
374 ## - OCUPACIÓN
- Occupation: Poeta
- Fuente del término: lcsh
375 ## - GÉNERO
- Gender: masculino
377 ## - LENGUA ASOCIADA
- Language code: spa
- Language code: cat
400 1# - VEÁSE - NOMBRE DE PERSONA
- Personal name: Vinyoli i Pladevall, Joan,
- Dates associated with a name: 1914-1984
400 1# - VEÁSE - NOMBRE DE PERSONA
- Personal name: Pladevall, Joan Vinyoli i,
- Dates associated with a name: 1914-1984
670 ## - FUENTE EN LA QUE SE LOCALIZARON DATOS
- Cita de la fuente: En su obra: De vida i somni, 1948.
670 ## - FUENTE EN LA QUE SE LOCALIZARON DATOS
- Cita de la fuente: Sala-Valldaura, J.M. Joan Vinyoli, 1985:
- Información localizada: portada (Joan Vinyoli) página 13 (m. 11/30/84)
670 ## - FUENTE EN LA QUE SE LOCALIZARON DATOS
- Cita de la fuente: En su obra: Cercles, 1980:
- Información localizada: reverso de la portada (Joan Vinyoli i Pladevall)
670 ## - FUENTE EN LA QUE SE LOCALIZARON DATOS
- Cita de la fuente: Y que el silencio queme por los muertos, 2010:
- Información localizada: portada (Joan Vinyoli) solapa delantera (Barcelona (1914-1984); poet)
902 ## - CATALOGADOR
- Catalogador: NDAF/220331
